[Event "ICS rated blitz match"]
[Site "207.99.5.190"]
[Date "1999.03.13"]
[Round "?"]
[White "MarvinMartian"]
[Black "Hossa"]
[Result "0-1"]
[WhiteElo "2367"]
[BlackElo "2513"]
[PlyCount "72"]

1. e4 c5 2. Nc3 Nc6 3. d3 e5 4. g3 Nf6 5. Bg2 Be7 6. Nge2 O-O 7. O-O d6 8. h3
Bd7 9. f4 Qc8 10. f5 Qc7 11. g4 Qd8 12. Be3 Be8 13. Rf2 Nd4 14. Ng3 Nb5 15.
Nce2 Nc7 16. c4 Rb8 17. g5 Nd7 18. h4 f6 19. Bf3 fxg5 20. hxg5 Bxg5 21. Qd2
Bxe3 22. Qxe3 b5 23. b3 Qf6 24. Rg2 Bf7 25. Kf2 bxc4 26. dxc4 d5 27. cxd5 Nxd5
28. exd5 e4 29. Rh1 exf3 30. Qxf3 Bg6 31. Nc3 Qd4+ 32. Qe3 Bxf5 33. Qxd4 cxd4
34. Nxf5 Rxf5+ 35. Ke2 dxc3 36. Rc1 36... Rc8 {MarvinMartian resigns} 0-1

[Event "ICS rated blitz match"]
[Site "207.99.5.190"]
[Date "1999.03.13"]
[Round "?"]
[White "Hossa"]
[Black "MarvinMartian"]
[Result "1-0"]
[WhiteElo "2523"]
[BlackElo "2357"]
[PlyCount "65"]

1. e4 c5 2. Bc4 a6 3. Nc3 Nf6 4. Bb3 d6 5. Nf3 e5 6. Ng5 Be6 7. Nxe6 fxe6 8.
Bxe6 Nc6 9. O-O Qe7 10. Bh3 g6 11. Nd5 Nxd5 12. exd5 Nd4 13. c3 Nf5 14. Bxf5
gxf5 15. Qh5+ Qf7 16. Qxf7+ Kxf7 17. d3 f4 18. d4 b6 19. dxe5 dxe5 20. c4 Bd6
21. Re1 Rag8 22. Bd2 Rg5 23. f3 Rhg8 24. g4 h5 25. h4 R5g6 26. g5 Re8 27. a4 a5
28. Re4 Rgg8 29. Rae1 Kg6 30. Bxf4 Kf5 31. Bh2 Rgf8 32. f4 Rf7 33. fxe5 {
MarvinMartian resigns} 1-0

[Event "ICS rated blitz match"]
[Site "207.99.5.190"]
[Date "1999.03.13"]
[Round "?"]
[White "MarvinMartian"]
[Black "Hossa"]
[Result "0-1"]
[WhiteElo "2348"]
[BlackElo "2532"]
[PlyCount "54"]

1. e4 c5 2. Nc3 Nc6 3. f4 d6 4. Nf3 g6 5. d3 Bg7 6. g3 Nf6 7. Bg2 O-O 8. O-O
Be6 9. h3 Nh5 10. g4 Ng3 11. Rf2 Bxc3 12. bxc3 d5 13. e5 Qa5 14. Bd2 Rad8 15.
Kh2 Ne4 16. dxe4 dxe4 17. Ng5 e3 18. Nxe6 fxe6 19. Re2 exd2 20. Rxd2 Qa4 21.
Rxd8 Qxf4+ 22. Kh1 Rxd8 23. Qe1 Nxe5 24. Bxb7 Rd2 25. Bg2 Nf3 26. Qxe6+ Kf8 27.
Qc8+ 27... Kg7 {MarvinMartian resigns} 0-1

[Event "ICS rated blitz match"]
[Site "207.99.5.190"]
[Date "1999.03.13"]
[Round "?"]
[White "Hossa"]
[Black "MarvinMartian"]
[Result "1-0"]
[WhiteElo "2540"]
[BlackElo "2340"]
[PlyCount "33"]

1. e4 c5 2. Bc4 a6 3. Nc3 b5 4. Bxf7+ Kxf7 5. Qh5+ g6 6. Qd5+ e6 7. Qxa8 Nc6 8.
Nf3 Nf6 9. O-O Bg7 10. Ng5+ Ke7 11. d3 Qc7 12. e5 Ne8 13. Be3 Bxe5 14. Rae1 Bd6
15. Bxc5 Bxc5 16. Nd5+ Kd8 17. Nf7# {MarvinMartian checkmated} 1-0

[Event "ICS rated standard match"]
[Site "207.99.5.190"]
[Date "1999.03.13"]
[Round "?"]
[White "Hossa"]
[Black "lupus2"]
[Result "0-1"]
[WhiteElo "2244"]
[BlackElo "2445"]
[Annotator "Crafty v16.5"]
[PlyCount "95"]

{annotating for player Hossa using a scoring margin of +0.10 pawns. search
time limit is 10.00} 1. e4 1... e6 2. d4 d5 3. Nc3 Bb4 4. exd5 exd5 5. Bd3 Ne7
6. Nge2 Bf5 7. Bxf5 Nxf5 8. Qd3 Qd7 9. O-O O-O 10. Bf4 c6 11. Rae1 Na6 12. Qh3
Rad8 13. Bd2 ({9:-0.09} 13. Bd2 13... Ba5 14. a3 c5 15. dxc5 d4 16. c6 bxc6 17.
Ne4 Bxd2 18. Nxd2 $10) ({9:+0.03} 13. a3 13... Be7 14. Qd3 Rfe8 15. Ng3 Bd6 16.
Bg5 Nxg3 17. fxg3 17... f6 $10) 13... Bd6 14. Nd1 Rfe8 15. Bg5 ({7:-0.38} 15.
Bg5 15... f6 16. Bd2 Nb4 17. Qb3 a5 18. Qc3 $15) ({7:-0.16} 15. c3 15... Re4
16. Ne3 Nxe3 17. Qxd7 Rxd7 18. Bxe3 18... Rde7 $10) 15... f6 16. Bc1 ({9:-1.38
} 16. Bc1 16... Nb4 17. Qc3 Nxa2 18. Qd2 b5 19. Ndc3 Nxc1 20. Nxc1 20... a5 $17
) ({9:-0.95} 16. Bd2 16... Rxe2 17. Rxe2 Nxd4 18. Re3 Qxh3 19. Rxh3 Nxc2 20.
Rd3 20... Kf7 $17) 16... Rxe2 17. Rxe2 Nxd4 18. Qe3 Nxe2+ 19. Qxe2 Re8 20. Qf3
({8:-1.76} 20. Qf3 20... Nb4 21. Qb3 Qf5 22. c3 Nd3 23. Ne3 23... Qd7 $19) ({
8:-1.38} 20. Be3 20... Qf5 21. a3 Re6 22. Qd2 Nc5 23. Nc3 23... b6 $17) 20...
Nb4 21. c3 ({8:-1.91} 21. c3 21... Nxa2 22. Bf4 Qc7 23. Bxd6 Qxd6 24. Ne3 d4
25. Nf5 $19) ({8:-1.45} 21. Qb3 21... Qf5 22. Ne3 Qh5 23. f4 Qe2 24. a3 24...
Na6 $17) 21... Nxa2 22. Be3 b5 23. Bf4 ({8:-2.39} 23. Bf4 23... b4 24. Bxd6
Qxd6 25. Qh5 Re5 26. Qg4 bxc3 27. Qc8+ Qf8 28. Qxc6 $19) ({8:-1.95} 23. Qe2
23... f5 24. f4 Qe7 25. Qc2 Bc5 26. Re1 Qe4 27. Qxe4 27... Rxe4 $19) 23... b4
24. c4 ({8:-3.20} 24. c4 24... dxc4 25. Bxd6 Qxd6 26. Qg4 Qd3 27. Qh5 Re2 28.
Qc5 $19) ({8:-2.42} 24. Be3 24... bxc3 25. bxc3 Be5 26. Bc5 Nc1 27. Be3 Nb3 28.
Re1 $19) 24... dxc4 25. Bxd6 Qxd6 26. Ne3 c3 27. Qh5 Qe5 28. Qd1 cxb2 29. Qb3+
Qe6 30. Qxb2 c5 31. Ra1 b3 32. Qa3 c4 33. Qxa7 c3 34. Qa3 c2 35. g4 Rc8 36. h3
c1=Q+ 37. Rxc1 Rxc1+ 38. Nf1 h5 39. Qa8+ Kh7 40. Kg2 Qe1 41. Kf3 Nc3 42. Qa5
Qe4+ 43. Kg3 Ne2+ 44. Kh2 Rxf1 45. Qxh5+ Kg8 46. Qe8+ Qxe8 47. Kg2 Rg1+ 48. Kf3
0-1

[Event "ICS rated standard match"]
[Site "207.99.5.190"]
[Date "1999.03.13"]
[Round "?"]
[White "Hossa"]
[Black "TDChess"]
[Result "0-1"]
[WhiteElo "2236"]
[BlackElo "2280"]
[Annotator "Crafty v16.5"]
[PlyCount "143"]

{annotating for player Hossa using a scoring margin of +0.10 pawns. search
time limit is 10.00} 1. e4 1... e6 2. d4 d5 3. Nc3 Bb4 4. exd5 exd5 5. Bd3 Nc6
6. Nge2 Bg4 7. a3 ({8:-0.21} 7. a3 7... Bxc3+ 8. bxc3 Nf6 9. f3 Be6 10. O-O O-O
11. Bf4 11... Re8 $10) ({8:-0.02} 7. f3 7... Be6 8. O-O Nf6 9. Be3 O-O 10. Nf4
Qe7 11. Nxe6 11... Qxe6 $10) 7... Bxc3+ 8. bxc3 Qe7 9. Rb1 O-O-O 10. O-O Nf6
11. Re1 Rhe8 12. Qd2 Kb8 13. Ba6 Bc8 14. Qd3 Rd6 15. Bf4 Re6 16. Qb5 ({8:-0.21
} 16. Qb5 16... b6 17. Bxc8 Rxe2 18. Rxe2 Qxe2 19. Qxe2 Rxe2 20. Bf5 20... Kb7
$10) ({8:+0.06} 16. Bb5 16... Bd7 17. Qg3 Ne4 18. Qxg7 Nxc3 19. Bxc7+ Kc8 20.
Bxc6 20... Nxb1 $10) 16... Nd8 17. Qa4 ({8:-0.15} 17. Qa4 17... Ne4 18. Be3 Bd7
19. Bb5 Bxb5 20. Rxb5 Nxf2 21. Bxf2 Rxe2 22. Rxe2 Qxe2 23. Rxd5 $10) ({8:+0.00
} 17. Qa5 17... Nc6 18. Qb5 $10) 17... Ne4 18. Be3 Bd7 19. Qa5 Rb6 20. Bd3 Qd6
21. Bf4 Qc6 22. Be5 ({8:+0.03} 22. Be5 22... f6 23. Bxe4 dxe4 24. Bf4 Rxb1 25.
Rxb1 Qc4 26. Re1 26... Bg4 $10) ({8:+0.23} 22. Bb5 22... Qe6 23. Bxd7 Qxd7 24.
Rxb6 axb6 25. Qb4 Ne6 26. Be5 26... h5 $10) 22... f6 23. Bxe4 dxe4 24. Bf4 g5
25. d5 ({9:-0.86} 25. d5 25... Qa4 26. Bxc7+ Kxc7 27. Qc5+ Kb8 28. Rxb6 axb6
29. Qd6+ Kc8 30. Qxf6 b5 31. Rc1 $17) ({9:-0.48} 25. Bg3 25... Ra6 26. Qb4 Bg4
27. Rbd1 Ra4 28. Qb2 Qa6 29. Rd2 29... Rxa3 $15) 25... Qc4 26. Be3 Ra6 27. Qc5
Qxc5 28. Bxc5 Ra5 29. Bd4 f5 30. c4 Rxa3 31. c5 Bc8 32. c6 b6 33. Bf6 Nf7 34.
Nc3 Ba6 35. Rb4 h6 36. Nd1 Ra5 37. c4 Nd6 38. Nb2 f4 39. Bd4 Nf5 40. Bc3 e3 41.
fxe3 Rxe3 42. Rc1 Re2 43. Kh1 Rc2 44. Nd3 Rxc1+ 45. Nxc1 Rc5 46. Nd3 Rxc4 47.
Rb3 Nd4 48. Bxd4 Rxd4 49. Nf2 Rxd5 50. h4 Bb5 51. hxg5 hxg5 52. Rc3 Rd6 53. Nh3
Rg6 54. Rc2 a5 55. Kg1 Rxc6 56. Rd2 a4 57. Nxg5 Rc1+ 58. Kh2 Bc4 59. Nh3 a3 60.
Nxf4 Rb1 61. Kg3 Rf1 62. Nd3 c5 63. Ne5 a2 64. Rxa2 Bxa2 65. Ng4 c4 66. Ne5 Rf6
67. Nd7+ Kc7 68. Nxf6 c3 69. Kg4 c2 70. Nh5 Be6+ 71. Kf3 c1=Q 72. Nf4 0-1

[Event "ICS rated bullet match"]
[Site "207.99.5.190"]
[Date "1999.03.13"]
[Round "?"]
[White "TDChess"]
[Black "Hossa"]
[Result "1-0"]
[WhiteElo "2563"]
[BlackElo "2381"]
[Annotator "Crafty v16.5"]
[PlyCount "103"]

{annotating for player Hossa using a scoring margin of +0.10 pawns. search
time limit is 10.00} 1. e4 1... c5 2. Nf3 Nc6 3. Bb5 Qb6 4. Nc3 Nd4 5. Nxd4
cxd4 6. Nd5 Qd6 7. d3 e6 8. Bf4 e5 9. Bd2 Qb8 10. O-O Ne7 11. f4 Nxd5 12. exd5
a6 ({9:-0.93} 12... a6 13. Bc4 Bd6 14. fxe5 Bxe5 15. Qh5 O-O 16. Rae1 d6 17.
Bg5 $16) ({9:-0.77} 12... Bd6 13. fxe5 Bxe5 14. Qh5 O-O 15. Rae1 d6 16. Ba5 f6
17. Bb4 $16) 13. Ba4 Bd6 14. fxe5 Bxe5 15. Qh5 O-O 16. Rae1 d6 17. Bf4 b5 ({
8:-1.32} 17... b5 18. Bxe5 g6 19. Qe2 dxe5 20. Bb3 Re8 21. Rd1 $16) ({8:-0.57} 
17... f6 18. Bd2 Qc7 19. Re4 Bd7 20. Bxd7 Qxd7 21. Rh4 21... g6 $14) 18. Bb3 a5
({9:-1.78} 18... a5 19. Bxe5 dxe5 20. d6 Qxd6 21. Bxf7+ Kh8 22. Rxe5 Bg4 23.
Qg5 23... Bd7 $18) ({9:-1.28} 18... Bf6 19. Bg5 g6 20. Qh4 Bxg5 21. Qxg5 Qc7
22. Qf4 Qc5 23. Re7 $16) 19. Bxe5 dxe5 ({9:-2.40} 19... dxe5 20. d6 Ra7 21.
Qxe5 Rd7 22. Bxf7+ Rdxf7 23. Rxf7 Rxf7 24. d7 Qxe5 25. dxc8=R+ 25... Rf8 $18) (
{9:-1.78} 19... g6 $18) 20. d6 Qxd6 ({8:-2.85} 20... Qxd6 21. Bxf7+ Kh8 22. Bg6
h6 23. Rxf8+ Qxf8 24. Qxe5 Ra6 25. Be4 Qf7 26. Qxd4 26... Qxa2 $18) ({8:-2.18} 
20... Ra7 21. Qxe5 Qb6 22. Qe7 Bf5 23. Qg5 Bd7 24. Qe5 $18) 21. Bxf7+ Kh8 22.
Qxe5 Qxe5 23. Rxe5 Ba6 24. Re4 Rad8 25. Re6 Bb7 ({10:-2.23} 25... Bb7 26. Rb6
Rb8 27. Rxb5 Bc6 28. Rc5 Rfc8 29. Rf4 Bb5 30. Rxc8+ Rxc8 31. Rf5 $18) ({
10:-1.50} 25... Bc8 26. Re5 Ba6 27. a4 Rb8 28. c4 bxc4 29. Rxa5 Bc8 30. Bxc4
Rxf1+ 31. Kxf1 31... Rxb2 $16) 26. Rb6 Ba8 27. Rxb5 a4 28. Ra5 Rb8 29. Rxa4
Rxb2 30. Bb3 Rc8 31. Rxd4 h6 32. Rdf4 Bc6 33. a4 Kh7 34. Rc4 h5 35. a5 Kh6 36.
a6 Bd7 37. Rxc8 Bxc8 38. Ra1 Bd7 39. a7 Bc6 40. Ra6 Rb1+ 41. Kf2 Kg5 42. Rxc6
Ra1 43. Rc7 Kf5 44. Bd5 Ke5 45. a8=Q Rxa8 46. Bxa8 g5 47. h4 Kf5 48. Rc5+ Kg4
49. Bb7 Kxh4 50. Bc8 g4 51. g3+ Kh3 52. Rxh5# 1-0

[Event "ICS rated standard match"]
[Site "207.99.5.190"]
[Date "1999.03.13"]
[Round "?"]
[White "Shearoff"]
[Black "Hossa"]
[Result "0-1"]
[WhiteElo "1954"]
[BlackElo "2222"]
[PlyCount "73"]

1. g3 e5 2. Bg2 Nc6 3. c4 Bc5 4. Nc3 Nf6 5. d3 Bb4 6. Bd2 O-O 7. a3 Bxc3 8.
Bxc3 d5 9. Nf3 dxc4 10. dxc4 Qe7 11. O-O Ne4 12. Qc2 Nxc3 13. Qxc3 Bg4 14. e3
Rad8 15. b4 Bxf3 16. Bxf3 e4 17. Be2 Ne5 18. Rfd1 Qf6 19. Qc2 Nf3+ 20. Bxf3
Qxf3 21. Rd4 Rxd4 22. exd4 e3 23. fxe3 Qxe3+ 24. Qf2 Qc3 25. Re1 Qxa3 26. Re7
Qxb4 27. Rxc7 Qb6 28. Re7 a5 29. Qe3 Qc6 30. c5 a4 31. g4 h5 32. gxh5 Rd8 33.
Qf4 Qd5 34. h6 gxh6 35. Qxh6 Qxd4+ 36. Re3 Qxc5 37. Kg2 {Shearoff resigns} 0-1

[Event "ICS rated standard match"]
[Site "207.99.5.190"]
[Date "1999.03.13"]
[Round "?"]
[White "Hossa"]
[Black "TDChess"]
[Result "0-1"]
[WhiteElo "2228"]
[BlackElo "2305"]
[Annotator "Crafty v16.5"]
[PlyCount "83"]

{annotating for player Hossa using a scoring margin of +0.10 pawns. search
time limit is 10.00} 1. e4 1... e6 2. d4 d5 3. Nc3 Bb4 4. exd5 exd5 5. Bd3 Nc6
6. Nge2 Bg4 7. a3 ({8:-0.21} 7. a3 7... Bxc3+ 8. bxc3 Nf6 9. f3 Be6 10. O-O O-O
11. Bf4 11... Re8 $10) ({8:-0.02} 7. f3 7... Be6 8. O-O Nf6 9. Be3 O-O 10. Nf4
Qe7 11. Nxe6 11... Qxe6 $10) 7... Bxc3+ 8. bxc3 Qe7 9. Rb1 O-O-O 10. O-O Nf6
11. Re1 Rhe8 12. Qd2 Kb8 13. Ba6 Bc8 14. Qd3 Rd6 15. Bf4 Re6 16. Bb5 Bd7 17.
Qg3 ({7:-0.48} 17. Qg3 17... Ne4 18. Qh3 Qxa3 19. Rb3 Qa2 20. Qf5 $15) ({
7:+0.17} 17. a4 17... Nh5 18. Be3 Re4 19. Ba6 Na5 20. Bb5 $10) 17... Ne4 18.
Qxg7 ({7:-1.83} 18. Qxg7 18... Nxc3 19. Bxc7+ Kc8 20. Bxc6 Rxc6 21. Be5 Nxb1
22. Rxb1 22... Rxc2 $19) ({7:-0.46} 18. Qd3 18... Qxa3 19. Ra1 Qe7 20. f3 Nf6
21. Qf5 $15) 18... Nxc3 19. Bxc7+ Kc8 20. Bxc6 ({7:-2.80} 20. Bxc6 20... Rxc6
21. Be5 Nxb1 22. Rxb1 f6 23. Qxe7 Rxe7 24. Nf4 fxe5 25. Nxd5 $19) ({7:-2.19} 
20. Be5 20... Nxb1 21. Rxb1 f6 22. Qxe7 R8xe7 23. f4 Nxe5 24. fxe5 24... fxe5
$19) 20... Rxc6 21. Be5 Nxb1 22. Rxb1 f6 23. Qxe7 Rxe7 24. Nf4 fxe5 25. Nxd5
Re8 26. dxe5 Rxe5 27. Ne3 Rc3 28. Rb3 Rec5 29. Kf1 Rxb3 30. cxb3 Rc3 31. b4
Rxa3 32. g3 Bb5+ 33. Kg2 b6 34. Kh3 Ra2 35. f4 Bd7+ 36. Kh4 Rxh2+ 37. Kg5 Rh3
38. f5 Rxg3+ 39. Kf4 Rh3 40. f6 Rh6 41. Ke5 Rh5+ 42. Kd4 0-1

[Event "ICS rated bullet match"]
[Site "207.99.5.190"]
[Date "1999.03.13"]
[Round "?"]
[White "Hossa"]
[Black "TDChess"]
[Result "0-1"]
[WhiteElo "2373"]
[BlackElo "2571"]
[Annotator "Crafty v16.5"]
[PlyCount "154"]

{annotating for player Hossa using a scoring margin of +0.10 pawns. search
time limit is 10.00} 1. e4 1... e6 2. d4 d5 3. Nc3 Bb4 4. exd5 exd5 5. Bd3 Nc6
6. Nge2 Bg4 7. f3 Bd7 8. O-O Nge7 9. Bg5 f6 10. Be3 O-O 11. a3 Ba5 12. b4 Bb6
13. Qd2 Qe8 14. Rab1 f5 15. b5 Na5 16. Rbe1 ({9:+0.01} 16. Rbe1 16... Nc4 17.
Bxc4 dxc4 18. Bg5 Qf7 19. Nf4 Rae8 20. Re2 c5 21. bxc6 21... Bxc6 $10) ({
9:+0.15} 16. Rfe1 16... Qf7 17. Na4 Nc4 18. Bxc4 dxc4 19. Nc5 Bxc5 20. dxc5
Rad8 21. Qd4 $10) 16... Kh8 17. Bf2 ({9:+0.14} 17. Bf2 17... Qf7 18. Na4 Nc4
19. Bxc4 dxc4 20. Nec3 Kg8 21. Nxb6 axb6 22. Bg3 $10) ({9:+0.50} 17. Bg5 17...
c6 18. Na4 Qf7 19. Nxb6 axb6 20. Nf4 Nc8 21. bxc6 bxc6 22. a4 $14) 17... Qg6
18. Bh4 Qd6 19. Bxe7 Qxe7 20. Nxd5 Qxa3 21. Qf4 Rfe8 22. Nxc7 ({8:+0.49} 22.
Nxc7 22... g5 23. Qg3 f4 24. Qxg5 Bxc7 25. Nxf4 Rxe1 26. Rxe1 $14) ({8:+0.98} 
22. Nxb6 22... cxb6 23. Rb1 Qa2 24. Rfd1 Qd5 25. Nc3 Qe6 26. d5 $16) 22... g5
23. Qg3 f4 24. Qxg5 Bxc7 25. Qf6+ Kg8 26. Bxh7+ Kxh7 27. Qf7+ Kh8 28. Qxd7 Re7
29. Qh3+ Rh7 30. Qf5 Rf8 31. Qg5 Qe3+ 32. Kh1 Bd6 33. c3 Nc4 34. Rg1 Qd3 35.
Qg4 Bc7 36. Qe6 Na3 37. b6 Qa6 38. Ra1 axb6 39. Rge1 Qa5 40. Kg1 b5 41. Qb3 Bd6
42. Qd5 Qc7 43. Rac1 Qd8 44. Qe6 Rg8 45. Kh1 Qh4 46. h3 Rh6 47. Qf5 Qf2 48. Rg1
Qxe2 49. Rcd1 Qb2 50. Qd3 Qb3 51. Qd2 b4 52. cxb4 Rf8 53. Qf2 Bxb4 54. Qe2 Re6
55. Qf2 Qd5 56. Qb2 Rb6 57. Qe2 Nc4 58. Qe4 Qb5 59. Rc1 Rbf6 60. g4 Nd2 61. Qe5
Qxe5 62. dxe5 Re6 63. Rc7 b6 64. g5 Rxe5 65. g6 Kg8 66. g7 Rfe8 67. Rd7 Rh5 68.
Rc1 Rxh3+ 69. Kg2 Rg3+ 70. Kh1 Nxf3 71. Rd3 Kxg7 72. Rd7+ Be7 73. Rxe7+ Rxe7
74. Rd1 Re1+ 75. Rxe1 Nxe1 76. Kh2 Nf3+ 77. Kh1 Rg1# 0-1

[Event "ICS rated standard match"]
[Site "207.99.5.190"]
[Date "1999.03.13"]
[Round "?"]
[White "Hossa"]
[Black "TDChess"]
[Result "0-1"]
[WhiteElo "2204"]
[BlackElo "2329"]
[Annotator "Crafty v16.5"]
[PlyCount "85"]

{annotating for player Hossa using a scoring margin of +0.10 pawns. search
time limit is 10.00} 1. e4 1... e6 2. d4 d5 3. Nc3 Bb4 4. exd5 exd5 5. Bd3 Nc6
6. Nge2 Bg4 7. a3 ({8:-0.21} 7. a3 7... Bxc3+ 8. bxc3 Nf6 9. f3 Be6 10. O-O O-O
11. Bf4 11... Re8 $10) ({8:-0.02} 7. f3 7... Be6 8. O-O Nf6 9. Be3 O-O 10. Nf4
Qe7 11. Nxe6 11... Qxe6 $10) 7... Bxc3+ 8. bxc3 Qe7 9. Rb1 O-O-O 10. O-O Nf6
11. Re1 Rhe8 12. Qd2 Kb8 13. Ba6 Bc8 14. Qd3 Rd6 15. Bf4 Re6 16. Qb5 ({8:-0.21
} 16. Qb5 16... b6 17. Bxc8 Rxe2 18. Rxe2 Qxe2 19. Qxe2 Rxe2 20. Bf5 20... Kb7
$10) ({8:+0.06} 16. Bb5 16... Bd7 17. Qg3 Ne4 18. Qxg7 Nxc3 19. Bxc7+ Kc8 20.
Bxc6 20... Nxb1 $10) 16... Nd8 17. Qa5 h6 18. Bb5 Nc6 19. Bxc6 Rxc6 20. Be5 Ng4
21. Nf4 ({7:-1.10} 21. Nf4 21... Qh4 22. Nd3 Rxe5 23. Nxe5 Qxh2+ 24. Kf1 Nxe5
25. dxe5 Qh1+ 26. Ke2 26... Qxg2 $17) ({7:-0.17} 21. Bg3 21... Re6 22. f3 Qd7
23. Nf4 Rxe1+ 24. Bxe1 Ne3 25. Bg3 $10) 21... Qh4 22. Nd3 Rxe5 23. dxe5 Qxh2+
24. Kf1 Qh1+ 25. Ke2 Qxg2 26. Rb4 f6 27. Rd4 fxe5 28. Qxd5 e4 29. Rxe4 Nf6 30.
Qxc6 bxc6 31. Rb1+ Ka8 32. Reb4 a5 33. Rb8+ Ka7 34. R8b3 Ne4 35. Ke3 Nd6 36. c4
Nxc4+ 37. Kd4 Qd5+ 38. Kc3 c5 39. Nxc5 Qxc5 40. Rb5 Qc6 41. Kd4 Be6 42. a4 Qg2
43. Rf5 0-1

[Event "ICS rated standard match"]
[Site "207.99.5.190"]
[Date "1999.03.13"]
[Round "?"]
[White "TDChess"]
[Black "Hossa"]
[Result "0-1"]
[WhiteElo "2339"]
[BlackElo "2194"]
[PlyCount "120"]

1. e4 c5 2. Nf3 Nf6 3. e5 Nd5 4. Nc3 Nf4 5. d4 cxd4 6. Qxd4 Ne6 7. Qh4 Nc6 8.
Bd2 Qc7 9. Nd5 Qd8 10. O-O-O g6 11. Bc3 Bg7 12. Bb5 Rb8 13. Bxc6 bxc6 14. Ba5
Rb6 15. Nxb6 axb6 16. Bb4 Bb7 17. Qe4 Qc7 18. Qe3 c5 19. Bc3 O-O 20. Rhe1 Ra8
21. Kb1 Qc6 22. h3 Qa4 23. a3 Bc6 24. Bd2 b5 25. Bc1 b4 26. b3 Qa5 27. a4 Nc7
28. Bb2 c4 29. Qg5 c3 30. e6 Nxe6 31. Qxa5 Rxa5 32. Bc1 Bxf3 33. gxf3 d5 34. h4
d4 35. Bg5 Kf8 36. Rh1 Rf5 37. Rh3 h5 38. Bc1 Re5 39. f4 Re2 40. f5 Nc5 41. Rf3
Kg8 42. a5 gxf5 43. a6 Nxa6 44. Rxf5 e5 45. f4 e4 46. Rg1 Kf8 47. Rd5 Nc7 48.
Rd7 Ne8 49. Rxg7 Kxg7 50. Rxd4 Re1 51. Rd5 Nc7 52. Rg5+ Kf6 53. Rxh5 Ne6 54.
Rb5 Nxf4 55. Rb6+ Ke5 56. Rb5+ Nd5 57. Rb8 e3 58. Re8+ Kd4 59. h5 e2 60. Rxe2
60... Rxe2 {TDChess resigns} 0-1

[Event "ICS rated standard match"]
[Site "207.99.5.190"]
[Date "1999.03.13"]
[Round "?"]
[White "Hossa"]
[Black "TDChess"]
[Result "0-1"]
[WhiteElo "2216"]
[BlackElo "2317"]
[PlyCount "86"]

1. e4 e6 2. d4 d5 3. Nc3 Bb4 4. exd5 exd5 5. Bd3 Nc6 6. Nge2 Bg4 7. f3 Be6 8.
O-O Qh4 9. Bb5 Nge7 10. Nf4 O-O-O 11. a3 Bd6 12. Nce2 Bd7 13. Qe1 Qf6 14. Qd2
Qh6 15. h3 Rhe8 16. c4 dxc4 17. Bxc4 Nf5 18. Bxf7 Rf8 19. Bd5 Nfxd4 20. Nxd4
Bxf4 21. Qc3 Nxd4 22. Qxd4 Bxh3 23. Qxa7 Rxd5 24. Bxf4 Qxf4 25. Rad1 Rxd1 26.
Qa8+ Kd7 27. Rxd1+ Kc6 28. Qa5 Qe3+ 29. Kh2 Be6 30. Qa4+ b5 31. Qa5 Qe5+ 32.
Kg1 Kb7 33. Qd2 Bc4 34. Qf2 Re8 35. Rd7 Qf4 36. Rd2 Re5 37. Rc2 Rd5 38. Qe1 Bb3
39. g3 Qxf3 40. Rc3 Qg4 41. Rc1 Rd3 42. Kh2 Qh5+ 43. Kg1 43... Bd5 {
Hossa resigns} 0-1

[Event "ICS Rated standard match"]
[Site "207.99.5.190"]
[Date "1999.03.13"]
[Round "?"]
[White "TDChess"]
[Black "Hossa"]
[Result "1-0"]
[WhiteElo "2328"]
[BlackElo "2205"]
[Annotator "Crafty v16.5"]
[PlyCount "137"]

{annotating for player Hossa using a scoring margin of +0.10 pawns. search
time limit is 10.00} 1. e4 1... c5 2. Nf3 Nf6 3. e5 Nd5 4. Nc3 Nf4 5. d4 cxd4
6. Qxd4 Ne6 7. Qd5 g6 ({8:-0.96} 7... g6 8. Bc4 Bg7 9. O-O O-O 10. Be3 Nc6 11.
Rad1 $16) ({8:-0.77} 7... Nc7 8. Qe4 e6 9. Bg5 Be7 10. Nb5 f6 11. exf6 Bxf6 12.
Bxf6 12... gxf6 $16) 8. Be3 Bg7 9. O-O-O Nc6 10. Bb5 Nc7 11. Qc5 Nxb5 ({9:-0.42
} 11... Nxb5 12. Qxb5 O-O 13. Rhe1 Re8 14. Qd5 Qa5 15. Bc5 b6 16. Bd4 Qxd5 17.
Nxd5 $14) ({9:+0.00} 11... Ne6 12. Qd5 $10) 12. Qxb5 a6 13. Qb3 b5 14. Nd5 Rb8
15. Bf4 Rb7 16. Qa3 O-O 17. Qxa6 Ra7 18. Qxb5 Rxa2 19. Kb1 Ra5 20. Qb3 Ra6 ({
7:-0.69} 20... Ra6 21. Rhe1 Re8 22. Qc4 Bb7 23. Kc1 Ra1+ 24. Kd2 Rxd1+ 25. Rxd1
25... d6 $14) ({7:-0.58} 20... Ba6 21. Qb6 Rxd5 22. Qxa6 Ra5 23. Qd3 23... Ra4
$14) 21. Rhe1 Qa5 22. c4 Ra7 ({7:-0.75} 22... Ra7 23. Be3 Rb7 24. Bb6 Qa6 25.
Qb5 Qxb5 26. cxb5 $16) ({7:-0.64} 22... Re8 23. Kc2 Ra8 24. Qc3 Qa7 25. Qe3
Qa4+ 26. Kd3 $14) 23. Be3 Rb7 24. Nb6 Re8 ({8:-1.14} 24... Re8 25. Rd5 Qa6 26.
Qb5 Qxb5 27. Rxb5 Na7 28. Rd5 Nc6 29. Nxc8 29... Rxc8 $16) ({8:-0.94} 24... e6
25. Qb5 Qxb5 26. cxb5 Nxe5 27. Nxe5 Bxe5 28. Bc5 d6 29. Bxd6 $16) 25. Rd5 Qa6
26. Qb5 Nb8 27. Qxa6 Nxa6 28. Red1 Nb8 29. Ra5 f6 30. exf6 Bxf6 31. Rb5 Kh8 32.
Rc1 Rc7 33. Nd5 Rb7 34. Nxf6 exf6 35. Rd5 Nc6 36. Rd6 Kg7 37. Kc2 Na5 38. Nd2
Nc6 39. Ra1 h5 40. Nf3 Kf7 41. Rdd1 g5 42. Kc3 g4 43. Nh4 Rb8 44. Nf5 Kg6 45.
Nd6 Re7 46. Bc5 Rg7 47. b4 h4 48. b5 Bb7 49. Nxb7 Rxb7 50. bxc6 dxc6 51. Rd4
Kh5 52. Rd6 Rbc7 53. Rxf6 Rg6 54. Rf8 Re6 55. Ra5 Re5 56. Rh8+ Kg6 57. Rxh4 Rg5
58. Bb6 Rc8 59. Ra7 c5 60. Rd7 Kf5 61. Rh6 Kf4 62. Kd3 Re5 63. Ba5 Rf8 64. Rdd6
Re2 65. Rh5 g3 66. Rdd5 Re5 67. Rdxe5 Kg4 68. Rhg5+ Kh4 69. fxg3# 1-0

[Event "ICS rated standard match"]
[Site "207.99.5.190"]
[Date "1999.03.13"]
[Round "?"]
[White "Hossa"]
[Black "RedBear"]
[Result "0-1"]
[WhiteElo "2194"]
[BlackElo "2240"]
[Annotator "Crafty v16.5"]
[PlyCount "125"]

{annotating for player Hossa using a scoring margin of +0.10 pawns. search
time limit is 10.00} 1. e4 1... e5 2. Nf3 Nc6 3. Bc4 Bc5 4. c3 ({9:-0.33} 4. c3
4... Nf6 5. d3 O-O 6. O-O d5 7. exd5 Nxd5 8. Bg5 8... Qd6 $15) ({9:-0.16} 4.
O-O 4... Nf6 5. d3 O-O 6. Nc3 d6 7. Bg5 Bg4 8. Qe2 $10) 4... Nf6 5. d4 exd4 6.
e5 d5 7. Bb5 Ne4 8. cxd4 Bb6 9. Bxc6+ bxc6 10. Qc2 c5 11. dxc5 Bxc5 12. O-O c6
13. Nbd2 ({9:+0.32} 13. Nbd2 13... Qb6 14. Nxe4 dxe4 15. Ng5 Ba6 16. Re1 Bd3
17. Qd2 17... Rd8 $14) ({9:+0.54} 13. b4 13... Bxf2+ 14. Rxf2 Qb6 15. Bb2 Qxf2+
16. Qxf2 Nxf2 17. Kxf2 Bg4 18. Bd4 18... O-O $14) 13... Qb6 14. Nxe4 dxe4 15.
Qxe4 Ba6 16. Rd1 Bxf2+ 17. Kh1 Rd8 18. Rxd8+ Qxd8 19. Qxc6+ ({9:+1.09} 19.
Qxc6+ 19... Qd7 20. Qd6 Bb7 21. Bg5 Qxd6 22. exd6 Bxf3 23. gxf3 $16) ({9:+1.46
} 19. Bh6 19... Qd5 20. Qc2 gxh6 21. Qxf2 c5 22. Kg1 Bc4 23. b3 $16) 19... Qd7
20. Qxd7+ ({9:+0.85} 20. Qxd7+ 20... Kxd7 21. Bf4 Ke6 22. Ng5+ Kf5 23. Nxf7 Rb8
24. Bc1 Bd4 25. Rb1 Bxe5 26. Nxe5 26... Kxe5 $16) ({9:+1.09} 20. Qd6 20... Bb7
21. Bg5 Qxd6 22. exd6 Bxf3 23. gxf3 Kd7 24. Bf4 Rb8 25. Be5 $16) 20... Kxd7 21.
Bd2 ({9:+0.55} 21. Bd2 21... Rc8 22. Bc3 Ke7 23. g4 Be2 24. Kg2 Be3 25. h4 $14)
({9:+0.67} 21. Bf4 21... Rc8 22. Ng5 Rc4 23. Bd2 Rc2 24. Bc3 Bc4 25. Nxh7 $14)
21... Rb8 22. Bc3 Be2 23. Ng5 Ke7 24. Nxh7 Bh4 25. Rc1 ({10:+0.20} 25. Rc1
25... Ke6 26. Bd4 Rh8 27. Rc2 Bh5 28. g3 Be7 29. g4 29... Bxg4 $10) ({10:+1.02
} 25. g3 25... Bxg3 26. hxg3 Rh8 27. Bd4 Rxh7+ 28. Kg2 a6 29. Rc1 Kd7 30. Bc5
$16) 25... Ke6 26. g3 Be7 27. Re1 Bf3+ 28. Kg1 Rh8 29. Bd4 Rxh7 30. Bxa7 Rh5
31. a3 Rxe5 32. Rxe5+ Kxe5 33. Kf2 Bc6 34. Ke3 Kd5 35. Bd4 g6 36. Kd3 Bb5+ 37.
Kc3 f5 38. Be3 Bf6+ 39. Kb4 Be2 40. b3 Be7+ 41. Ka4 Bd1 42. Bf4 Ke4 43. Bd2 g5
44. Bc3 f4 45. gxf4 gxf4 46. Ba5 f3 47. Bb6 Kd3 48. Bf2 Ke2 49. Bg3 Bd6 50. Bh4
Bxh2 51. Kb4 Bd6+ 52. Kc4 Bxa3 53. b4 Bc2 54. Kc3 Bd3 55. Kb3 Bc1 56. Ka4 Bd2
57. Ka5 Be1 58. Be7 f2 59. Bf6 f1=Q 60. Be5 Qf2 61. Ka4 Bc4 62. Ka3 Kd1 63. Ka4
0-1